The Lyrics of the U.S. National Anthem - Statistics

General Stats
  • This quiz has been taken 478 times
  • The average score is 61 of 81
Answer Stats
Lyrics % Correct
O
99%
O
99%
Can
96%
The
96%
The
96%
The
96%
The
96%
The
96%
The
96%
The
96%
The
96%
The
96%
The
96%
The
96%
You
96%
See
95%
Say
94%
Say
94%
By
89%
Light
86%
Early
85%
We
84%
We
84%
And
83%
And
83%
And
83%
Dawn's
82%
So
82%
So
82%
Star
82%
Proudly
79%
What
77%
Banner
76%
In
76%
Of
75%
Of
75%
Flag
73%
Free
73%
Land
73%
Brave
72%
Last
72%
Spangled
72%
Home
71%
Air
70%
Gleaming
70%
That
70%
That
70%
Was
70%
Bombs
69%
Still
69%
Through
69%
Through
69%
Bright
68%
Bursting
68%
Night
68%
Rockets
68%
Twillight's
68%
At
67%
There
67%
Red
66%
Stripes
66%
Stars
65%
Our
64%
Gave
62%
Glare
62%
Wave
62%
Yet
60%
Hailed
59%
Broad
58%
Does
58%
Fight
58%
Proof
58%
Were
56%
O'er
55%
O'er
55%
Ramparts
55%
Streaming
55%
Whose
55%
Gallantly
53%
Perilous
53%
Watched
52%
No matching quizzes found
Score Distribution
Percent of People with Each Score
Percentile by Number Answered
Your Score History
You have not taken this quiz